| 000 | 00930nam a2200301 i 4500 | ||
|---|---|---|---|
| 001 | 66962 | ||
| 003 | ES-MaACL | ||
| 005 | 20250901050851.0 | ||
| 007 | t| | ||
| 008 | 031105s2003 sp f |||| |aspa d | ||
| 020 | _a84-88217-09-9 | ||
| 080 | _a929 Falcón, Lidia | ||
| 080 | _a323.23-055.2(460)"1975/..." | ||
| 080 | _a32(460)"1975/..." | ||
| 100 | 1 |
_aFalcón, Lidia, _d1935- _948707 |
|
| 245 | 1 | 0 |
_aMemorias políticas (1959-1999) / _cLidia Falcón. |
| 260 |
_aMadrid : _bVindicación Feminista, _c[2003] |
||
| 300 |
_a267 p., [8] p. de lám. ; _c23 cm. |
||
| 490 | 1 | _aBiografías | |
| 500 | _aÍndice. | ||
| 600 | 1 | 4 |
_aFalcón, Lidia, _d1935- _948707 |
| 650 | 1 | 4 |
_aFeminismo- _zEspaña- _yS.XX. _9166951 |
| 651 | 4 |
_aEspaña- _xPolítica y gobierno- _y1975- _9159606 |
|
| 710 | 2 |
_aVindicación Feminista _9170615 |
|
| 830 | 0 |
_aBiografías _9180531 |
|
| 852 |
_aES-MaACL _jL-27480 |
||
| 999 |
_c66962 _d66962 |
||